000 00341nam a2200157Ia 4500
003 OSt
005 20231118074349.0
008 170524s9999 xx 000 0 und d
020 _a88-476-0900-3
040 _cIIMT
100 _aEnglish Edition
245 0 _aCuisine of the kings
260 _bBonanchi
260 _c2004
942 _2ddc
_c02
999 _c7105
_d7105